| 000 | 01446cam a22003978a 4500 | ||
|---|---|---|---|
| 001 | 15193232 | ||
| 003 | OSt | ||
| 005 | 20140310181915.0 | ||
| 008 | 080225s2008 nyu 000 0 eng | ||
| 010 | _a 2008007662 | ||
| 020 | _a9780446539067 | ||
| 020 | _a0446539066 | ||
| 040 |
_aDLC _cDLC _dDLC |
||
| 050 | 0 | 0 |
_aHD 62.7 _b.Su977 2008 |
| 082 | 0 | 0 |
_aTR 658.02 _b.Su8 2008 |
| 100 | 1 |
_aSutton, Garrett. _9668 |
|
| 245 | 1 | 0 |
_aOwn your own corporation : _bwhy the rich own their own companies and everyone else works for them / _cGarrett Sutton. |
| 260 |
_aNew York : _bBusiness Plus, _cc2008. |
||
| 263 | _a0806 | ||
| 300 |
_a240 p. : _bill. ; _c23 cm. |
||
| 490 | 0 | _aRich dad's adivisors | |
| 521 | _aFaculty. | ||
| 541 | _j1 | ||
| 541 | _j2 | ||
| 562 | _e2 | ||
| 650 | 0 |
_aSmall business _xManagement. _9669 |
|
| 650 | 0 |
_aHome-based businesses _xManagement. _9670 |
|
| 650 | 0 |
_aSelf-employed. _9671 |
|
| 650 | 0 |
_aSmall business _xLaw and legislation. _9672 |
|
| 856 | 4 | 1 |
_3Table of contents only _uhttp://www.loc.gov/catdir/toc/ecip0811/2008007662.html |
| 856 | 4 | 2 |
_3Contributor biographical information _uhttp://www.loc.gov/catdir/enhancements/fy0810/2008007662-b.html |
| 856 | 4 | 2 |
_3Publisher description _uhttp://www.loc.gov/catdir/enhancements/fy0901/2008007662-d.html |
| 906 |
_a7 _brix _corignew _d1 _eecip _f20 _gy-gencatlg |
||
| 942 |
_2lcc _cBK-TR _kTR |
||
| 999 |
_c6707 _d6707 |
||